Nostalgia for eternity: (Record no. 155282)

MARC details
000 -LEADER
fixed length control field 00754nam a22002057a 4500
005 - DATE AND TIME OF LATEST TRANSACTION
control field 20180801161800.0
010 ## - LCCN (DPL NO)
LC control number ENG-123664
020 ## - INTERNATIONAL STANDARD BOOK NUMBER
International Standard Book Number 9789386906410
Terms of availability 3000.00
035 ## - SYSTEM CONTROL NUMBER
System control number EN-107196
037 ## - SOURCE OF ACQUISITION
Source of stock number/acquisition DBAD/PUB
082 ## - DEWEY DECIMAL CLASSIFICATION NUMBER
Classification number 230.3
100 ## - MAIN ENTRY--PERSONAL NAME
Personal name Plotkin, Leonid
245 ## - TITLE STATEMENT
Title Nostalgia for eternity:
Statement of responsibility, etc by Leonid Plotkin; forewarded by Wendy Doniger
Remainder of title journeys in religion, history, and myth on the indian subcontinent /
260 ## - PUBLICATION, DISTRIBUTION, ETC. (IMPRINT)
Place of publication, distribution, etc New Delhi
Name of publisher, distributor, etc Niyogi Books
Date of publication, distribution, etc 2018
270 ## - ADDRESS
Address Block D, Building No. 77, Okhla Industrial Area, Phase-I
City New Delhi
Postal code 110020
300 ## - PHYSICAL DESCRIPTION
Extent xii,365p.
Dimensions 27cm (Hb)
Other physical details ill.picture
500 ## - GENERAL NOTE
General note It includes notes, bibliography and index
700 ## - ADDED ENTRY--PERSONAL NAME
Personal name Doniger, Wendy
942 ## - ADDED ENTRY ELEMENTS (KOHA)
Source of classification or shelving scheme Dewey Decimal Classification
Item type English Books
Call number suffix PLO
Classification part 230.3
Holdings
Withdrawn status Lost status Not for loan Collection code Home library Current library Date acquired Source of acquisition Cost, normal purchase price Full call number Barcode Copy number Cost, replacement price Koha item type
    Not For Loan Non-fiction D.B.Act.Division D.B.Act.Division 03/08/2018 DBAD/PUB 3000.00 230.3 PLO EN-107196 1 3000.00 English Books

© Delhi Public Library
Hit Counter
free hit counter